[Event "Junior Online 4NCL Division 4"]
[Site "online"]
[Date "2020.05.14"]
[Round "5.64"]
[White "Pannu, Aaron"]
[Black "Holland, Nicolas"]
[Result "0-1"]
[WhiteElo "1240"]
[BlackElo "1225"]
[PlyCount "96"]
[EventDate "2020.05.14"]
[WhiteTeam "Robin Hoods 3"]
[BlackTeam "Watford 2"]

1. e4 e6 2. Nf3 d5 3. e5 c5 4. d4 Nc6 5. Bb5 Qd7 6. Nc3 a6 7. Be2 b6 8. a3 a5
9. Bb5 Ba6 10. Bxa6 Rxa6 11. Qe2 Ra8 12. Na4 Qc7 13. Qb5 Rb8 14. O-O Nh6 15. b4
Kd8 16. Bg5+ Be7 17. Bxe7+ Nxe7 18. c3 Nhf5 19. Ng5 Ng6 20. h3 cxd4 21. cxd4
Nxd4 22. Qd3 Nf5 23. Rfc1 Qd7 24. Qa6 Qb7 25. Qb5 Rf8 26. Nxh7 Rc8 27. Rxc8+
Qxc8 28. Nxb6 Qc7 29. Na8 Qe7 30. Nxf8 Qxf8 31. Qb8+ Ke7 32. Qc7+ Ke8 33. Nb6
Qe7 34. Qc8+ Qd8 35. Qc6+ Kf8 36. Rc1 Nfe7 37. Qb7 Nxe5 38. Na8 g6 39. Rc7 axb4
40. axb4 d4 41. b5 d3 42. b6 d2 43. Qa7 d1=Q+ 44. Kh2 f5 45. b7 N7c6 46. Rc8
Nxa7 47. Rxd8+ Qxd8 48. Nc7 Qxc7 0-1

[Event "Junior Online 4NCL Division 4"]
[Site "online"]
[Date "2020.05.14"]
[Round "5.65"]
[White "Humphreys, Benjamin"]
[Black "Demjan, Denisz"]
[Result "0-1"]
[WhiteElo "1255"]
[BlackElo "1345"]
[PlyCount "33"]
[EventDate "2020.05.14"]
[WhiteTeam "Robin Hoods 3"]
[BlackTeam "Watford 2"]

1. e4 e5 2. Nf3 Nc6 3. Bc4 h6 4. O-O Nf6 5. b3 Bc5 6. Bb2 Nxe4 7. Re1 Bxf2+ 8.
Kf1 Bxe1 9. Qxe1 d5 10. d3 dxc4 11. Qxe4 cxb3 12. Nxe5 Nxe5 13. Bxe5 Qe7 14.
Qa4+ Bd7 15. Qxb3 Qxe5 16. Qxb7 O-O 17. c3 0-1

[Event "Junior Online 4NCL Division 4"]
[Site "online"]
[Date "2020.05.14"]
[Round "5.66"]
[White "George, Seb"]
[Black "Babu, Rohan"]
[Result "0-1"]
[WhiteElo "1285"]
[BlackElo "1255"]
[PlyCount "22"]
[EventDate "2020.05.14"]
[WhiteTeam "Watford 2"]
[BlackTeam "Robin Hoods 3"]

1. e4 e6 2. Nf3 d5 3. exd5 exd5 4. d4 Bg4 5. h3 Bxf3 6. Qxf3 Nf6 7. Nc3 Nc6 8.
Qd1 Qe7+ 9. Be2 Ne4 10. Nxd5 Qd6 11. f3 Qg3+ 0-1

[Event "Junior Online 4NCL Division 4"]
[Site "online"]
[Date "2020.05.14"]
[Round "5.67"]
[White "Krasnov, Maksim"]
[Black "Chadha, Ishaan"]
[Result "0-1"]
[WhiteElo "1247"]
[BlackElo "1262"]
[PlyCount "114"]
[EventDate "2020.05.14"]
[WhiteTeam "Robin Hoods 3"]
[BlackTeam "Watford 2"]

1. e4 e5 2. Nf3 Nc6 3. Bc4 d6 4. d3 Be6 5. Nc3 Nf6 6. Bg5 Be7 7. Nd5 Nxd5 8.
Bxe7 Qxe7 9. exd5 Bxd5 10. Bxd5 Qf6 11. Qd2 O-O 12. Qg5 Kh8 13. h4 Nb4 14.
O-O-O Nxd5 15. Qxf6 Nxf6 16. h5 Ng4 17. Rdf1 Rae8 18. Ng5 h6 19. f3 Ne3 20. Rf2
hxg5 21. h6 g6 22. h7 f6 23. g4 Rf7 24. Rfh2 Ree7 25. Rh6 Rxh7 26. Rxh7+ Rxh7
27. Rxh7+ Kxh7 28. Kd2 Ng2 29. Kc3 f5 30. gxf5 gxf5 31. d4 e4 32. fxe4 fxe4 33.
Kd2 g4 34. Ke2 Kg6 35. Kf2 Nf4 36. Ke3 Kf5 37. Kf2 d5 38. b3 Nh3+ 39. Kg3 e3
40. Kg2 Kf4 41. Kf1 Kf3 42. c4 e2+ 43. Ke1 g3 44. cxd5 g2 45. d6 cxd6 46. d5
g1=Q+ 47. Kd2 Qd1+ 48. Kc3 e1=Q+ 49. Kc4 Qc1+ 50. Kb5 Qe2+ 51. Ka4 a6 52. b4
Qec2+ 53. Ka5 Qa3+ 54. Kb6 Qxb4+ 55. Ka7 Qcc5+ 56. Kb8 Qbb6 57. Ka8 Qa7# 0-1

[Event "Junior Online 4NCL Division 4"]
[Site "online"]
[Date "2020.05.14"]
[Round "5.68"]
[White "Holland, Nicolas"]
[Black "Pannu, Aaron"]
[Result "0-1"]
[WhiteElo "1225"]
[BlackElo "1240"]
[PlyCount "30"]
[EventDate "2020.05.14"]
[WhiteTeam "Watford 2"]
[BlackTeam "Robin Hoods 3"]

1. e4 e5 2. Nf3 Nc6 3. Bc4 Bc5 4. O-O Nf6 5. Nc3 d6 6. d3 Bg4 7. Qe2 Nd4 8. Qd1
Nxf3+ 9. gxf3 Bh3 10. Re1 Nh5 11. f4 Qh4 12. Be3 Bxe3 13. Rxe3 exf4 14. Rf3
Qg4+ 15. Kh1 Qg2# 0-1

[Event "Junior Online 4NCL Division 4"]
[Site "online"]
[Date "2020.05.14"]
[Round "5.71"]
[White "Tathare, Rohan"]
[Black "Gauri, Dhairye"]
[Result "0-1"]
[WhiteElo "1285"]
[BlackElo "1435"]
[PlyCount "64"]
[EventDate "2020.05.14"]
[WhiteTeam "Watford 3"]
[BlackTeam "Uxbridge Juniors A"]

1. e4 e5 2. Nf3 Nc6 3. d4 exd4 4. Bc4 Be7 5. c3 dxc3 6. Nxc3 Nf6 7. O-O O-O 8.
Bg5 h6 9. Bh4 d6 10. h3 Be6 11. Bd3 Ne5 12. Nxe5 dxe5 13. Bxf6 Bxf6 14. Nd5 c6
15. Nxf6+ Qxf6 16. Be2 Qg5 17. Qd3 Rad8 18. Qg3 Qd2 19. Qf3 Qxb2 20. Rfb1 Qd4
21. Rd1 Qb6 22. Rxd8 Rxd8 23. Rd1 Rxd1+ 24. Bxd1 Bxa2 25. Be2 a5 26. Qg4 Qc7
27. Qf3 b5 28. Qa3 Be6 29. Qb2 a4 30. Qa3 Qa5 31. Kf1 b4 32. Qc1 c5 0-1

[Event "Junior Online 4NCL Division 4"]
[Site "online"]
[Date "2020.05.14"]
[Round "5.72"]
[White "Knight, Samuel"]
[Black "Demyan, Leo"]
[Result "0-1"]
[WhiteElo "1382"]
[BlackElo "1157"]
[PlyCount "44"]
[EventDate "2020.05.14"]
[WhiteTeam "Uxbridge Juniors A"]
[BlackTeam "Watford 3"]

1. d4 e6 2. Bf4 Nf6 3. e3 b6 4. Bd3 Bb7 5. c3 Bxg2 6. Nf3 Bxh1 7. Nbd2 Bxf3 8.
Qxf3 Nc6 9. O-O-O Be7 10. Bg5 e5 11. Qh3 h6 12. Bxf6 Bxf6 13. Qf5 Qe7 14. Ba6
g6 15. Qe4 Qe6 16. Nc4 d5 17. Qd3 e4 18. Qd2 dxc4 19. Bxc4 Qxc4 20. d5 Rd8 21.
b3 Qxc3+ 22. Qxc3 Bxc3 0-1

[Event "Junior Online 4NCL Division 4"]
[Site "online"]
[Date "2020.05.14"]
[Round "5.73"]
[White "Khandelwal, Akshaj"]
[Black "Bhat, Advay"]
[Result "0-1"]
[WhiteElo "1150"]
[BlackElo "1360"]
[PlyCount "140"]
[EventDate "2020.05.14"]
[WhiteTeam "Watford 3"]
[BlackTeam "Uxbridge Juniors A"]

1. e4 e5 2. Nf3 Nc6 3. Bc4 h6 4. O-O Nf6 5. d3 Be7 6. Be3 d6 7. Nc3 Bg4 8. h3
Bh5 9. Nd5 Nd4 10. Bxd4 exd4 11. Nxf6+ Bxf6 12. Bd5 c6 13. Bc4 d5 14. exd5 cxd5
15. Bb5+ Kf8 16. Re1 Qd6 17. a3 Qf4 18. Qe2 g5 19. g4 Bg6 20. Ne5 Bxe5 21. Qxe5
Qxe5 22. Rxe5 a6 23. Bd7 Rd8 24. Bf5 Bxf5 25. Rxf5 Rd6 26. Re1 b5 27. Ree5 Kg7
28. Rxd5 Rxd5 29. Rxd5 Rc8 30. Rxd4 Rxc2 31. Rb4 Rc1+ 32. Kg2 Kf6 33. Kf3 Ke5
34. a4 bxa4 35. Rxa4 Rc6 36. Ra5+ Kd4 37. Ke2 Re6+ 38. Kd2 f6 39. Ra4+ Kc5 40.
d4+ Kd5 41. Kd3 Rb6 42. Ra5+ Kd6 43. Kc3 Rc6+ 44. Kb4 Rb6+ 45. Ka3 Kc7 46. b4
Kb7 47. Kb3 Rb5 48. Rxb5+ axb5 49. Kc3 Kc6 50. Kd3 Kd5 51. Ke3 Kc4 52. Ke4 Kxb4
53. d5 Kc5 54. Kf5 Kxd5 55. Kxf6 b4 56. Kg6 b3 57. Kxh6 b2 58. Kxg5 b1=Q 59. f4
Qb8 60. f5 Qg8+ 61. Kf4 Qf7 62. h4 Qc7+ 63. Kg5 Qg7+ 64. Kf4 Qh6+ 65. Kg3 Ke5
66. h5 Qg5 67. Kh3 Kf4 68. f6 Qxf6 69. g5 Qxg5 70. h6 Qg3# 0-1

[Event "Junior Online 4NCL Division 4"]
[Site "online"]
[Date "2020.05.14"]
[Round "5.74"]
[White "Jebananthan, Jeshan"]
[Black "Keerthi Kumar, Advait"]
[Result "0-1"]
[WhiteElo "1060"]
[BlackElo "1202"]
[PlyCount "58"]
[EventDate "2020.05.14"]
[WhiteTeam "Uxbridge Juniors A"]
[BlackTeam "Watford 3"]

1. e4 e5 2. Nf3 Nc6 3. Bc4 Be7 4. Nc3 Nf6 5. O-O O-O 6. d3 h6 7. h3 d6 8. Be3
b6 9. Qe2 Bb7 10. a3 Nh7 11. Nd2 Bg5 12. h4 Bxe3 13. Qxe3 Nd4 14. Rac1 Qxh4 15.
b4 Kh8 16. Na4 b5 17. Bxb5 Nxb5 18. Qf3 f5 19. Nc4 fxe4 20. Qe3 exd3 21. Qxd3
Qg4 22. Ne3 Qg5 23. Qxb5 Rab8 24. Rcd1 Bxg2 25. Qc4 Bf3+ 26. Ng4 Rf4 27. Qd3
Rxg4+ 28. Kh2 Rg2+ 29. Kh1 Qh4# 0-1

[Event "Junior Online 4NCL Division 4"]
[Site "online"]
[Date "2020.05.14"]
[Round "5.75"]
[White "Gauri, Dhairye"]
[Black "Tathare, Rohan"]
[Result "1-0"]
[WhiteElo "1435"]
[BlackElo "1285"]
[PlyCount "41"]
[EventDate "2020.05.14"]
[WhiteTeam "Uxbridge Juniors A"]
[BlackTeam "Watford 3"]

1. e4 d5 2. exd5 Qxd5 3. Nc3 Qa5 4. Nf3 c6 5. d3 Qc7 6. Bd2 Bg4 7. Be2 Nd7 8.
O-O O-O-O 9. h3 Bh5 10. Ng5 Bxe2 11. Qxe2 Ne5 12. Bf4 f6 13. Bxe5 Qxe5 14. Qxe5
fxe5 15. Nf7 Rd4 16. Nxh8 Rf4 17. Ne2 Rf6 18. Ng3 Nh6 19. Ne4 Rf5 20. g4 Rf4
21. Ng5 1-0

[Event "Junior Online 4NCL Division 4"]
[Site "online"]
[Date "2020.05.14"]
[Round "5.76"]
[White "Demyan, Leo"]
[Black "Knight, Samuel"]
[Result "0-1"]
[WhiteElo "1157"]
[BlackElo "1382"]
[PlyCount "142"]
[EventDate "2020.05.14"]
[WhiteTeam "Watford 3"]
[BlackTeam "Uxbridge Juniors A"]

1. e4 e6 2. Nc3 d5 3. exd5 exd5 4. Qe2+ Be7 5. Nf3 c6 6. g3 Nf6 7. Bg2 Bg4 8.
b3 Nbd7 9. Bb2 O-O 10. h3 Bxf3 11. Bxf3 Re8 12. O-O-O Qa5 13. Kb1 Ba3 14. Qf1
Bxb2 15. Kxb2 Nc5 16. a3 Qb6 17. Re1 Rxe1 18. Qxe1 Re8 19. Qd1 d4 20. Na2 Na4+
21. Ka1 Nc5 22. Re1 d3 23. Rxe8+ Nxe8 24. Nc3 dxc2 25. Qxc2 Nxb3+ 26. Ka2 Nd4
27. Qd1 Nf6 28. Be2 Nd5 29. Nxd5 cxd5 30. Qa4 g6 31. Bd1 Nc6 32. f4 Na5 33.
Qe8+ Kg7 34. Qe5+ Qf6 35. Qxd5 Nc6 36. Bb3 Nd4 37. Bc4 Qf5 38. Qxd4+ Kh6 39. g4
Qc2+ 40. Ka1 Qc1+ 41. Ka2 Qc2+ 42. Qb2 Qxc4+ 43. Qb3 Qxf4 44. d3 Qh2+ 45. Qb2
Qxh3 46. d4 Qxg4 47. d5 Qc4+ 48. Qb3 Qe2+ 49. Qb2 Qxb2+ 50. Kxb2 Kg7 51. d6 Kf8
52. d7 Ke7 53. Kb3 Kxd7 54. Kb4 g5 55. a4 Kc6 56. Kc4 g4 57. Kd4 h5 58. Ke3 g3
59. Kf4 h4 60. Kf3 Kc5 61. Kg2 Kb4 62. Kh3 Kxa4 63. Kxh4 g2 64. Kg3 g1=Q+ 65.
Kh3 f6 66. Kh4 f5 67. Kh3 f4 68. Kh4 f3 69. Kh3 f2 70. Kh4 f1=Q 71. Kh5 Qh3#
0-1

[Event "Junior Online 4NCL Division 4"]
[Site "online"]
[Date "2020.05.14"]
[Round "5.77"]
[White "Bhat, Advay"]
[Black "Khandelwal, Akshaj"]
[Result "1-0"]
[WhiteElo "1360"]
[BlackElo "1150"]
[PlyCount "109"]
[EventDate "2020.05.14"]
[WhiteTeam "Uxbridge Juniors A"]
[BlackTeam "Watford 3"]

1. e4 c6 2. Nf3 d5 3. exd5 cxd5 4. d4 Nf6 5. Nc3 Bf5 6. Bd3 Bxd3 7. Qxd3 e6 8.
Qb5+ Nc6 9. Qxb7 Rb8 10. Qxc6+ Qd7 11. Qxd7+ Nxd7 12. Bf4 Rxb2 13. O-O-O Rb6
14. Rhe1 Bb4 15. Rd3 Bxc3 16. Rxc3 O-O 17. Rc7 Nf6 18. Be5 Ra6 19. Bxf6 gxf6
20. Nd2 Rxa2 21. Nb3 Rb8 22. Nc5 Ra1+ 23. Kd2 Rxe1 24. Kxe1 Rb1+ 25. Kd2 Ra1
26. Nd7 a5 27. Nxf6+ Kg7 28. Nh5+ Kg6 29. Nf4+ Kf6 30. h4 a4 31. g4 a3 32. g5+
Kg7 33. Nxe6+ Kg6 34. Nf4+ Kg7 35. Nxd5 a2 36. Ra7 Kf8 37. h5 Kg7 38. c4 Rh1
39. h6+ Kg6 40. Ne7+ Kxg5 41. Ra5+ Kf6 42. Nd5+ Ke6 43. Rxa2 Rxh6 44. Ra5 Rh4
45. Nc7+ Kd7 46. Nb5 Rf4 47. Ke3 Rf6 48. Ra7+ Ke8 49. c5 h5 50. d5 h4 51. c6
Kd8 52. c7+ Kc8 53. Ra8+ Kd7 54. c8=Q+ Ke7 55. Ra7# 1-0

[Event "Junior Online 4NCL Division 4"]
[Site "online"]
[Date "2020.05.14"]
[Round "5.78"]
[White "Keerthi Kumar, Advait"]
[Black "Jebananthan, Jeshan"]
[Result "1-0"]
[WhiteElo "1202"]
[BlackElo "1060"]
[PlyCount "53"]
[EventDate "2020.05.14"]
[WhiteTeam "Watford 3"]
[BlackTeam "Uxbridge Juniors A"]

1. e4 e5 2. Nf3 Nc6 3. Be2 Bc5 4. O-O Nf6 5. Nc3 O-O 6. b3 d6 7. d3 h6 8. h3 b6
9. Bb2 Bb7 10. Nd5 Nxd5 11. exd5 Nb4 12. c4 Qe7 13. d4 exd4 14. Nxd4 Qg5 15. a3
Nxd5 16. cxd5 Qxd5 17. Bf3 Qg5 18. Bxb7 Rab8 19. Bf3 Rbe8 20. b4 Bxd4 21. Qxd4
f6 22. Bd5+ Kh8 23. Rae1 Rd8 24. Re4 f5 25. Re6 Rc8 26. f4 Qh4 27. Qxg7# 1-0

[Event "Junior Online 4NCL Division 4"]
[Site "online"]
[Date "2020.05.14"]
[Round "5.81"]
[White "Kothari, Jai"]
[Black "Walker, Daniel"]
[Result "0-1"]
[WhiteElo "1547"]
[BlackElo "1382"]
[PlyCount "114"]
[EventDate "2020.05.14"]
[WhiteTeam "Woking Warriors"]
[BlackTeam "Robin Hoods 2"]

1. e4 c6 2. d4 d5 3. exd5 cxd5 4. Bb5+ Nc6 5. Nf3 Nf6 6. Ne5 Qb6 7. Nc3 Bf5 8.
Be3 a6 9. Bxc6+ bxc6 10. Na4 Qa5+ 11. c3 Qc7 12. Bf4 Qb7 13. Qe2 e6 14. Nd3 Nd7
15. Ne5 Bd6 16. g3 Nxe5 17. Bxe5 Bxe5 18. Qxe5 O-O 19. O-O Qb5 20. b3 Qd3 21.
Qe3 Rab8 22. Nc5 Qxe3 23. fxe3 Ra8 24. Rf2 Rfe8 25. b4 a5 26. bxa5 Rxa5 27. Nb7
Ra3 28. Nd6 Rea8 29. Nxf5 exf5 30. Rxf5 Rxc3 31. Re5 f6 32. Re6 Kf7 33. Rd6 Ke7
34. Rxf6 Kxf6 35. Kf2 Raa3 36. Re1 Rxa2+ 37. Kg1 Raa3 38. e4 Re3 39. e5+ Ke7
40. Rc1 Rac3 41. Ra1 Ra3 42. Rc1 Kd7 43. Rf1 Rf3 44. Rb1 Kc7 45. e6 Ra2 46. Re1
Ra8 47. Re5 Re8 48. Rg5 g6 49. Re5 Rf6 50. e7 Kd6 51. Kg2 Rxe7 52. Rxe7 Kxe7
53. Kh3 Kd6 54. Kg4 c5 55. dxc5+ Kxc5 56. Kg5 Rf1 57. Kh6 Rf7 0-1

[Event "Junior Online 4NCL Division 4"]
[Site "online"]
[Date "2020.05.14"]
[Round "5.82"]
[White "Wood, Ethan"]
[Black "Phillips, Freddie"]
[Result "1-0"]
[WhiteElo "1352"]
[BlackElo "1390"]
[PlyCount "97"]
[EventDate "2020.05.14"]
[WhiteTeam "Robin Hoods 2"]
[BlackTeam "Woking Warriors"]

1. e4 e5 2. Nf3 Bc5 3. Nxe5 Qe7 4. Nd3 Qxe4+ 5. Qe2 Nf6 6. Nxc5 Qxe2+ 7. Bxe2
d6 8. Nd3 O-O 9. O-O Re8 10. Bf3 Bf5 11. Nb4 c5 12. Nd3 a5 13. Bxb7 Ra7 14. Bf3
c4 15. Nf4 Rae7 16. Be2 g5 17. Nc3 gxf4 18. b3 cxb3 19. axb3 Bxc2 20. Rxa5 Bxb3
21. Rb5 Rxe2 22. Nxe2 Bc4 23. Rg5+ Kh8 24. Bb2 h6 25. Bxf6+ Kh7 26. Rg7+ Kh8
27. Rxf7+ Kg8 28. Re7 Rxe7 29. Bxe7 Bxe2 30. Re1 Bg4 31. Bxd6 Nc6 32. Bxf4 Nd4
33. f3 Bd7 34. Bxh6 Kh7 35. Be3 Nc2 36. Rc1 Ba4 37. Bc5 Kg6 38. g4 Kg5 39. h3
Kh4 40. Kg2 Kg5 41. Kg3 Bb3 42. f4+ Kh6 43. h4 Kg6 44. f5+ Kh6 45. g5+ Kh5 46.
Kf4 Kxh4 47. f6 Kh5 48. Kf5 Kh4 49. Kg6 1-0

[Event "Junior Online 4NCL Division 4"]
[Site "online"]
[Date "2020.05.14"]
[Round "5.83"]
[White "Wicks, Alexander"]
[Black "Golding, James"]
[Result "1-0"]
[WhiteElo "1285"]
[BlackElo "1337"]
[PlyCount "113"]
[EventDate "2020.05.14"]
[WhiteTeam "Woking Warriors"]
[BlackTeam "Robin Hoods 2"]

1. e4 e5 2. Nf3 Nc6 3. Bb5 a6 4. Bxc6 bxc6 5. Nxe5 Bd6 6. Nf3 Nf6 7. d3 Qe7 8.
Nc3 Bc5 9. Qe2 d5 10. Be3 d4 11. Bxd4 Bxd4 12. Nxd4 Qd6 13. Nf5 Bxf5 14. exf5+
Qe7 15. Qxe7+ Kxe7 16. O-O-O Rhe8 17. Rhe1+ Kf8 18. h3 a5 19. g4 a4 20. a3 Nd5
21. Rxe8+ Rxe8 22. Nxa4 Rd8 23. c4 Nf4 24. Kc2 Nxh3 25. Rh1 Ng5 26. f4 Nf3 27.
Rxh7 Kg8 28. Rh3 Ne1+ 29. Kc3 Ng2 30. Rg3 Nxf4 31. Rf3 Ne2+ 32. Kd2 Nd4 33. Re3
Nb3+ 34. Kc3 Nc1 35. Re7 Rc8 36. b4 Na2+ 37. Kb3 Nc1+ 38. Kc2 Ne2 39. Rxe2 f6
40. Re6 Kf7 41. Rxc6 Ke7 42. Nb6 Kf7 43. Nxc8 Ke8 44. Rxc7 Kd8 45. Rxg7 Kxc8
46. Rf7 Kd8 47. Rxf6 Ke8 48. a4 Ke7 49. Rh6 Kf7 50. a5 Ke7 51. a6 Kd7 52. a7
Kc7 53. a8=Q Kd7 54. Qd5+ Kc7 55. Rc6+ Kb7 56. Qb5+ Ka7 57. Ra6# 1-0

[Event "Junior Online 4NCL Division 4"]
[Site "online"]
[Date "2020.05.14"]
[Round "5.84"]
[White "Brown, Charlie"]
[Black "Seet, Joshua"]
[Result "0-1"]
[WhiteElo "1262"]
[BlackElo "1277"]
[PlyCount "50"]
[EventDate "2020.05.14"]
[WhiteTeam "Robin Hoods 2"]
[BlackTeam "Woking Warriors"]

1. e4 e5 2. Bc4 Nf6 3. d4 exd4 4. Qxd4 Nc6 5. Qc3 Bb4 6. Nf3 Nxe4 7. Bd2 Nxc3
8. Bxc3 Bxc3+ 9. Nxc3 O-O 10. O-O d6 11. Rad1 Bg4 12. Nd4 Nxd4 13. Rxd4 Qg5 14.
h3 Bxh3 15. Bd5 c6 16. Bf3 d5 17. Ne2 Rfe8 18. Re1 Bg4 19. Rxg4 Qf5 20. Nd4
Rxe1+ 21. Kh2 Qh5+ 22. Kg3 f5 23. Rf4 Qg5+ 24. Kh3 Qxf4 25. Ne6 Rh1# 0-1

[Event "Junior Online 4NCL Division 4"]
[Site "online"]
[Date "2020.05.14"]
[Round "5.85"]
[White "Walker, Daniel"]
[Black "Kothari, Jai"]
[Result "1/2-1/2"]
[WhiteElo "1382"]
[BlackElo "1547"]
[PlyCount "59"]
[EventDate "2020.05.14"]
[WhiteTeam "Robin Hoods 2"]
[BlackTeam "Woking Warriors"]

1. d4 c5 2. d5 d6 3. e4 Nf6 4. Nc3 e6 5. Nf3 exd5 6. exd5 Bf5 7. Bf4 Be7 8.
Bb5+ Nbd7 9. a4 a6 10. Be2 O-O 11. O-O Qc7 12. Bd3 Bg4 13. h3 Bh5 14. Re1 Rfe8
15. Re3 Qb6 16. Qd2 Qb4 17. Bg3 Bxf3 18. Rxf3 Nxd5 19. Bxh7+ Kxh7 20. Qxd5 Nf6
21. Qxf7 Bf8 22. Nd5 Nxd5 23. Qh5+ Kg8 24. Qxd5+ Kh7 25. Qh5+ Kg8 26. Qd5+ Kh7
27. Qh5+ Kg8 28. Qd5+ Kh8 29. Qh5+ Kg8 30. Qd5+ 1/2-1/2

[Event "Junior Online 4NCL Division 4"]
[Site "online"]
[Date "2020.05.14"]
[Round "5.86"]
[White "Phillips, Freddie"]
[Black "Wood, Ethan"]
[Result "0-1"]
[WhiteElo "1390"]
[BlackElo "1352"]
[PlyCount "122"]
[EventDate "2020.05.14"]
[WhiteTeam "Woking Warriors"]
[BlackTeam "Robin Hoods 2"]

1. e4 e5 2. Nf3 Nc6 3. Nc3 Nf6 4. Bc4 Bc5 5. Ng5 O-O 6. Nd5 Nxd5 7. Bxd5 h6 8.
Nxf7 Rxf7 9. Bxf7+ Kxf7 10. Qf3+ Kg8 11. Qb3+ Kh8 12. O-O Nd4 13. Qd5 Nxc2 14.
Rb1 d6 15. Qc4 Nd4 16. b4 Bb6 17. a4 c5 18. a5 Bc7 19. bxc5 dxc5 20. Qxc5 Ne6
21. Qd5 Bxa5 22. Qxd8+ Bxd8 23. Rb5 Bc7 24. Bb2 Bd7 25. Rxb7 Bc6 26. Rb4 Bd6
27. Rc4 Bb5 28. Rcc1 Bxf1 29. Kxf1 Rb8 30. Ba1 Nd4 31. Bxd4 exd4 32. d3 Bxh2
33. g4 Bf4 34. Rc4 Rd8 35. f3 a5 36. Ra4 Ra8 37. Ke2 g5 38. Kd1 Kg7 39. Rxd4 a4
40. Rb4 a3 41. Rb7+ Kf6 42. Rb6+ Ke7 43. Rb7+ Kf6 44. Rb6+ Kg7 45. Rb7+ Kg6 46.
Rb6+ Kf7 47. Rb7+ Ke6 48. Rb6+ Kd7 49. Rb7+ Kc6 50. Rb1 a2 51. Ra1 Be5 52. Rc1+
Kd6 53. d4 Bxd4 54. e5+ Kxe5 55. f4+ gxf4 56. Ke2 a1=Q 57. Rxa1 Rxa1 58. Kf3
Ra3+ 59. Ke2 f3+ 60. Kd2 f2 61. Ke2 Ra1 0-1

[Event "Junior Online 4NCL Division 4"]
[Site "online"]
[Date "2020.05.14"]
[Round "5.87"]
[White "Golding, James"]
[Black "Wicks, Alexander"]
[Result "0-1"]
[WhiteElo "1337"]
[BlackElo "1285"]
[PlyCount "72"]
[EventDate "2020.05.14"]
[WhiteTeam "Robin Hoods 2"]
[BlackTeam "Woking Warriors"]

1. e4 d5 2. f3 dxe4 3. fxe4 e5 4. Nc3 Bb4 5. Nf3 Bg4 6. h3 Bxf3 7. Qxf3 Nf6 8.
d3 O-O 9. a3 Ba5 10. b4 Bb6 11. Qf5 Nc6 12. b5 Nd4 13. Ra2 Nxf5 14. exf5 Ba5
15. Bd2 Bxc3 16. Bxc3 e4 17. dxe4 Nxe4 18. Bb4 Ng3 19. Bxf8 Nxh1 20. Bb4 Qe8+
21. Kd1 Nf2+ 22. Kc1 Rd8 23. Kb1 Rd1+ 24. Kb2 Rxf1 25. Kb3 Rb1+ 26. Ka4 Rxb4+
27. Kxb4 Qe4+ 28. Ka5 Qd5 29. Rb2 c6 30. a4 cxb5 31. axb5 Ne4 32. Rb4 Qd2 33.
c4 b6+ 34. Ka4 Nc5+ 35. Ka3 Qc3+ 36. Rb3 Qxb3# 0-1

[Event "Junior Online 4NCL Division 4"]
[Site "online"]
[Date "2020.05.14"]
[Round "5.88"]
[White "Seet, Joshua"]
[Black "Brown, Charlie"]
[Result "1-0"]
[WhiteElo "1277"]
[BlackElo "1262"]
[PlyCount "49"]
[EventDate "2020.05.14"]
[WhiteTeam "Woking Warriors"]
[BlackTeam "Robin Hoods 2"]

1. d4 d5 2. c4 Nf6 3. cxd5 Nxd5 4. e4 Nf6 5. Nc3 Nc6 6. Nf3 e6 7. Bb5 Bb4 8.
Bg5 a6 9. Ba4 b5 10. Bb3 Na5 11. Bc2 Bb7 12. e5 Bxf3 13. Qxf3 Rg8 14. exf6 gxf6
15. Bxf6 Qxd4 16. Bxd4 O-O-O 17. Qa8+ Kd7 18. Qxa6 Bxc3+ 19. Bxc3 Nc4 20. Qxb5+
c6 21. Qxc4 Ke8 22. Qxc6+ Kf8 23. Bb4+ Kg7 24. Rd1 Rxd1+ 25. Kxd1 1-0

[Event "Junior Online 4NCL Division 4"]
[Site "online"]
[Date "2020.05.21"]
[Round "6.11"]
[White "Surapaneni, Rohit"]
[Black "Kothari, Jai"]
[Result "0-1"]
[WhiteElo "1465"]
[BlackElo "1547"]
[PlyCount "60"]
[EventDate "2020.05.21"]
[WhiteTeam "Cheshire8Y"]
[BlackTeam "Woking Warriors"]

1. d4 c5 2. e3 cxd4 3. exd4 d5 4. Nc3 Bf5 5. Bf4 Nf6 6. Nf3 e6 7. a3 h6 8. h4
Bd6 9. Bxd6 Qxd6 10. Ne5 Nbd7 11. Nxd7 Nxd7 12. Bb5 a6 13. Bxd7+ Qxd7 14. g4
Bg6 15. h5 Bh7 16. Qe2 Rc8 17. O-O-O Rxc3 18. bxc3 Qa4 19. Kb2 O-O 20. f4 Rc8
21. g5 hxg5 22. fxg5 Qa5 23. Qd2 Qb5+ 24. Ka2 Qc4+ 25. Kb2 Rc6 26. g6 Rb6+ 27.
Ka1 fxg6 28. hxg6 Bxg6 29. Qh2 Qxc3+ 30. Ka2 Qb2# 0-1

[Event "Junior Online 4NCL Division 4"]
[Site "online"]
[Date "2020.05.21"]
[Round "6.12"]
[White "Phillips, Freddie"]
[Black "Epstein, Jacob"]
[Result "0-1"]
[WhiteElo "1390"]
[BlackElo "1427"]
[PlyCount "108"]
[EventDate "2020.05.21"]
[WhiteTeam "Woking Warriors"]
[BlackTeam "Cheshire8Y"]

1. e4 e5 2. Nf3 Nc6 3. Bc4 Nf6 4. Ng5 Bc5 5. Nxf7 Bxf2+ 6. Kf1 Qe7 7. Nxh8 Nxe4
8. Bd5 Qf6 9. Bxe4 d6 10. Qf3 Qxf3 11. Bxf3 Bb6 12. Nc3 Bd7 13. Nb5 O-O-O 14.
Nf7 Rf8 15. Ng5 Bg4 16. d3 h6 17. Ke1 Bxf3 18. Nxf3 g5 19. h4 g4 20. Nh2 Bf2+
21. Kd2 g3 22. Ng4 h5 23. Nxf2 gxf2 24. Rf1 a6 25. Nc3 Nd4 26. Ke3 Nxc2+ 27.
Ke2 Nxa1 28. Rxf2 Rxf2+ 29. Kxf2 Nc2 30. Kg3 Nd4 31. Nd5 Ne2+ 32. Kf2 Nxc1 33.
Nf6 Nxd3+ 34. Ke3 Nf4 35. Nxh5 Nxg2+ 36. Kf3 Nxh4+ 37. Kg4 Ng6 38. Kf5 Nh4+ 39.
Kg5 Nf3+ 40. Kg4 Nd4 41. Kg3 Kd7 42. Nf6+ Ke6 43. Ng4 d5 44. b4 Nf5+ 45. Kf2 b6
46. Ke2 c5 47. bxc5 bxc5 48. Kd3 e4+ 49. Kd2 d4 50. a4 a5 51. Ke2 c4 52. Kd2
e3+ 53. Ke2 d3+ 54. Kd1 c3 0-1

[Event "Junior Online 4NCL Division 4"]
[Site "online"]
[Date "2020.05.21"]
[Round "6.13"]
[White "Jia, Ethan"]
[Black "Wicks, Alexander"]
[Result "1-0"]
[WhiteElo "1315"]
[BlackElo "1285"]
[PlyCount "107"]
[EventDate "2020.05.21"]
[WhiteTeam "Cheshire8Y"]
[BlackTeam "Woking Warriors"]

1. d4 Nf6 2. c4 c5 3. e3 Nc6 4. Nf3 d5 5. dxc5 e6 6. cxd5 Nxd5 7. e4 Nf6 8.
Qxd8+ Nxd8 9. Nc3 Bxc5 10. Bf4 Ng4 11. Bg3 O-O 12. Bc4 a6 13. O-O b5 14. Bb3
Bb7 15. h3 Nf6 16. Rfe1 b4 17. Na4 Ba7 18. a3 bxa3 19. bxa3 Nxe4 20. Rad1 Nxg3
21. Rd7 Bxf3 22. gxf3 Nh5 23. Rc7 Nf4 24. h4 Nd3 25. Re2 Bxf2+ 26. Rxf2 Nxf2
27. Kxf2 Rb8 28. Nc5 Rb5 29. Ba4 Rb2+ 30. Kg3 Ra2 31. Nd7 Re8 32. Nf6+ Kf8 33.
Nxe8 Rxa3 34. Rc8 Ke7 35. Rc4 g6 36. Nc7 a5 37. Rd4 h5 38. Rd7+ Kf6 39. Ne8+
Kf5 40. Bc2+ Ke5 41. Rxd8 f5 42. Rd3 f4+ 43. Kh3 Ra1 44. Rd2 Ra2 45. Re2+ Kd5
46. Be4+ Ke5 47. Rxa2 g5 48. Rxa5+ Kd4 49. hxg5 Ke3 50. g6 h4 51. g7 Kf2 52.
g8=Q Kf1 53. Ra2 Ke1 54. Qg1# 1-0

[Event "Junior Online 4NCL Division 4"]
[Site "online"]
[Date "2020.05.21"]
[Round "6.14"]
[White "Seet, Joshua"]
[Black "Idan, Tani"]
[Result "1-0"]
[WhiteElo "1277"]
[BlackElo "1285"]
[PlyCount "87"]
[EventDate "2020.05.21"]
[WhiteTeam "Woking Warriors"]
[BlackTeam "Cheshire8Y"]

1. d4 d5 2. c4 dxc4 3. e4 Nc6 4. Nf3 Nf6 5. Nc3 Bg4 6. d5 Ne5 7. Bf4 Nxf3+ 8.
gxf3 Bd7 9. Bxc4 e6 10. dxe6 Bxe6 11. Qxd8+ Rxd8 12. Bxe6 fxe6 13. Nb5 Bb4+ 14.
Ke2 O-O 15. Nxc7 Rfe8 16. Rad1 Rc8 17. Nb5 a6 18. Bd6 axb5 19. Bxb4 Rc2+ 20.
Rd2 Rxd2+ 21. Kxd2 Rd8+ 22. Ke3 e5 23. Rc1 h6 24. Be7 Re8 25. Bxf6 gxf6 26. Rc7
b6 27. Rc6 Rb8 28. Rxf6 Kg7 29. Rf5 Re8 30. f4 exf4+ 31. Kxf4 Ra8 32. a3 b4 33.
Rb5 bxa3 34. bxa3 Rxa3 35. Rxb6 Rh3 36. Rb7+ Kf6 37. Rb6+ Kg7 38. Kg4 Rxh2 39.
f4 Re2 40. e5 Re4 41. e6 Re5 42. fxe5 Kf8 43. Kh5 Ke7 44. Kxh6 1-0